00802nam a22001815i 4500001000700000003000900007005001700016008004100033080001100074100002700085245021100112260014700323300003800470500002700508650001400535710003000549852004100579178664ES-MaACL20230906220600.0110610s1971 sp d |||| | spa d a616.361 aRibas Mundó, Manuel.13aLa depuración plasmática de la bromosulftaleína (BSF) como prueba del funcionalismo hepático / cresumen de la tesis presentada para aspirar al grado de doctor en medicina por Juan Rodés Teixidor. aBarcelona : bUniversidad de Barcelona, Secretariado de Publicaciones, Intercambio Científico y Extensión Universitaria : bIvern, c1971. a15 p. : bil. bl. y n. ; c24 cm. aCub. tomada como port.04aHígado.2 aUniversidad de Barcelona. aES-MaACLjE-15361 (71) xOlim P-1374